Method of coordinates
Saved in:
| Main Author: | |
|---|---|
| Format: | Book |
| Language: | English |
| Published: |
Moscow :
Mir publishers,
1980
|
| Series: | Little mathematics library
|
| Subjects: | |
| Tags: |
Add Tag
No Tags, Be the first to tag this record!
|
MARC
| LEADER | 00000cam a2200000 i 4500 | ||
|---|---|---|---|
| 001 | 1/4725 | ||
| 008 | 100219s1980 eng d | ||
| 035 | |l 10106899 | ||
| 040 | |a GR-MY-UA |b gre |e aacr | ||
| 041 | 0 | |a eng | |
| 082 | 0 | |a 516.16 |2 (22) | |
| 100 | 1 | |a Smogorzhevskii, A. S. | |
| 245 | 1 | 0 | |a Method of coordinates / |c A. S. Smogorzhevsky |
| 260 | |a Moscow : |b Mir publishers, |c 1980 | ||
| 300 | |a 47 σ.; |b εικ.; |c 20 εκ. | ||
| 490 | 1 | |a Little mathematics library | |
| 650 | 0 | 0 | |a Coordinates. |
| 830 | 0 | |a Little mathematics library | |
| 852 | |a INST |b SAMOS |c MAG |e 20100219 |h 516.16 SMO |p 005300030574 |q 005300030574 |t BK |y 0 | ||
| 901 | |a BIBL3-2010-1 | ||
| 909 | |a Σ |b 161868 | ||
| 970 | |a ΣΙΤΖΙΜΗ |b ΓΙΑΣΕΜΗ |z 2010/02/19 | ||